[Event "POL-ch Blitz U18"]
[Site "Bydgoszcz"]
[Date "2023.08.31"]
[Round "3"]
[White "Rogaczewski, Olaf"]
[Black "Mroczkowski, Adam"]
[Result "0-1"]
[WhiteElo "1321"]
[BlackElo "1654"]
[PlyCount "132"]
[EventDate "2023.08.28"]
[EventType "swiss"]
[EventRounds "10"]
[EventCountry "POL"]
[SourceTitle "EXT 2024"]
[Source "ChessBase"]
[SourceDate "2023.10.10"]
[SourceVersion "1"]
[SourceVersionDate "2023.10.10"]
[SourceQuality "1"]

1. c4 c6 2. Nc3 Nf6 3. Nf3 d5 4. e3 e6 5. d4 Nbd7 6. Be2 Bd6 7. Bd2 0-0 8. 0-0 dxc4 9. Bxc4 b5 10. Bb3 Bb7 11. e4 Be7 12. e5 Ne8 13. Ne1 a6 14. Nd3 c5 15. dxc5 Nxc5 16. Nxc5 Bxc5 17. Bf4 Nc7 18. Qe2 Qe7 19. Ne4 Bxe4 20. Qxe4 Rfd8 21. Rfd1 Rac8 22. Be3 Bxe3 23. Qxe3 Rxd1+ 24. Rxd1 Rd8 25. Rc1 Qd7 26. Qa7 a5 27. Qxc7 Qd2 28. Qc3 Qd7 29. Bc2 b4 30. Qe1 Qb7 31. Be4 Qd7 32. Bf3 h6 33. Rd1 Qe7 34. Rxd8+ Qxd8 35. Qd1 Qc7 36. Be4 g6 37. f4 Kg7 38. Qd2 Qc5+ 39. Qf2 Qc1+ 40. Qf1 Qe3+ 41. Qf2 Qxe4 42. h3 Qb1+ 43. Kh2 Qxa2 44. Qc2 Qd5 45. g4 Qd4 46. Qc1 Qf2+ 47. Kh1 Qf3+ 48. Kh2 Qe2+ 49. Kh1 Qd3 50. Kh2 Qd7 51. Qc2 Kf8 52. Qc5+ Kg7 53. Qc2 h5 54. gxh5 gxh5 55. Qe2 Qd4 56. Qg2+ Kf8 57. Qg3 Qd2+ 58. Qg2 Qxf4+ 59. Qg3 Qxg3+ 60. Kxg3 a4 61. Kf3 a3 62. bxa3 bxa3 63. Kf4 a2 64. Kg5 a1Q 65. Kxh5 Qg1 66. h4 Qg6# 0-1

[Event "POL-ch Rapid U18"]
[Site "Bydgoszcz"]
[Date "2023.08.29"]
[Round "6"]
[White "Mroczkowski, Adam"]
[Black "Radzimski, Antoni"]
[Result "0-1"]
[WhiteElo "1513"]
[BlackElo "1943"]
[PlyCount "64"]
[EventDate "2023.08.28"]
[EventType "swiss"]
[EventRounds "11"]
[EventCountry "POL"]
[SourceTitle "EXT 2024"]
[Source "ChessBase"]
[SourceDate "2023.10.10"]
[SourceVersion "1"]
[SourceVersionDate "2023.10.10"]
[SourceQuality "1"]

1. e4 c5 2. Nf3 d6 3. d4 cxd4 4. Nxd4 Nf6 5. Nc3 g6 6. Bc4 Bg7 7. f3 0-0 8. Bb3 Nc6 9. Be3 Bd7 10. Qd2 Nxd4 11. Bxd4 b5 12. Nd5 Nxd5 13. Bxg7 Kxg7 14. Bxd5 Rc8 15. 0-0 Qb6+ 16. Kh1 a5 17. a3 Rfd8 18. Rad1 f6 19. Bb3 Rc5 20. Qf2 Qc7 21. c3 Rb8 22. Qd2 Qb6 23. Ba2 b4 24. cxb4 axb4 25. Rb1 b3 26. Bxb3 Qxb3 27. f4 Bb5 28. Rf3 Qc2 29. Qe1 Bd3 30. Rd1 Rxb2 31. Rg3 Bxe4 32. f5 Bxg2+ 0-1

[Event "Wch U12 blitz"]
[Site "Rhodes"]
[Date "2022.05.03"]
[Round "1"]
[White "Mroczkowski, Adam"]
[Black "Korelskiy, Egor"]
[Result "0-1"]
[WhiteElo "1392"]
[BlackElo "1993"]
[PlyCount "84"]
[EventDate "2022.05.03"]
[EventType "swiss (blitz)"]
[EventRounds "9"]
[EventCountry "GRE"]
[SourceTitle "CBM 208 Extra"]
[Source "ChessBase"]
[SourceDate "2022.07.31"]
[SourceVersion "1"]
[SourceVersionDate "2022.07.31"]
[SourceQuality "1"]

1. e4 c5 2. Nf3 e6 3. d4 cxd4 4. Nxd4 a6 5. Nc3 Qc7 6. Be3 Nf6 7. Be2 Bb4 8. Qd3 Bxc3+ 9. bxc3 Nxe4 10. Bd2 Nxd2 11. Qxd2 d5 12. 0-0 0-0 13. Rab1 Bd7 14. Rb2 Nc6 15. Rfb1 Rab8 16. Nxc6 Qxc6 17. Rb6 Qc7 18. Qc1 Bb5 19. R6xb5 axb5 20. Bxb5 Qxc3 21. Bd3 Rfc8 22. Qe3 h6 23. h3 Qc5 24. Qe2 Qd6 25. Re1 Re8 26. c3 e5 27. Bc2 Rbc8 28. Qd2 Qc5 29. Re3 d4 30. Qd3 dxe3 31. Qh7+ Kf8 32. fxe3 Qxe3+ 33. Kh2 Qf4+ 34. Kg1 Rxc3 35. h4 Qc1+ 36. Kh2 Rxc2 37. Qe4 Qf4+ 38. Qxf4 exf4 39. h5 f3 40. a4 f2 41. a5 f1Q 42. a6 Qxg2# 0-1

[Event "POL-ch U10"]
[Site "Jastrzebia Gora"]
[Date "2021.??.??"]
[Round "4"]
[White "Mroczkowski, Adam"]
[Black "Kowalski, Michal1111"]
[Result "1-0"]
[WhiteElo "1065"]
[BlackElo "1127"]
[PlyCount "63"]
[EventDate "2021.02.28"]
[EventType "swiss"]
[EventRounds "9"]
[EventCountry "POL"]
[SourceTitle "EXT 2022"]
[Source "ChessBase"]
[SourceDate "2021.10.06"]
[SourceVersion "1"]
[SourceVersionDate "2021.10.06"]
[SourceQuality "1"]

1. e4 c5 2. Nf3 g6 3. d4 cxd4 4. Nxd4 Nc6 5. Nc3 Bg7 6. Be3 Nf6 7. Be2 0-0 8. Qd2 Re8 9. h3 d6 10. g4 Nxd4 11. Bxd4 a6 12. 0-0-0 b5 13. Bxf6 Bxf6 14. h4 Be6 15. Nd5 Bg7 16. g5 Bxd5 17. exd5 b4 18. h5 b3 19. cxb3 a5 20. Bb5 Rc8+ 21. Kb1 Rf8 22. hxg6 fxg6 23. f4 Qb6 24. Bd7 Rc7 25. Be6+ Rf7 26. Bxf7+ Kxf7 27. Rxh7 Rc5 28. Qd4 Rc1+ 29. Kxc1 Qxd4 30. Rxd4 Kg8 31. Rxg7+ Kxg7 32. Kd2 1-0

[Event "POL-ch U10"]
[Site "Jastrzebia Gora"]
[Date "2021.??.??"]
[Round "2"]
[White "Mroczkowski, Adam"]
[Black "Lewek, Jakub"]
[Result "0-1"]
[WhiteElo "1065"]
[BlackElo "1217"]
[PlyCount "70"]
[EventDate "2021.02.28"]
[EventType "swiss"]
[EventRounds "9"]
[EventCountry "POL"]
[SourceTitle "EXT 2022"]
[Source "ChessBase"]
[SourceDate "2021.10.06"]
[SourceVersion "1"]
[SourceVersionDate "2021.10.06"]
[SourceQuality "1"]

1. e4 c5 2. Nf3 e6 3. d4 cxd4 4. Nxd4 a6 5. Nc3 b5 6. a3 Bb7 7. Bd3 d6 8. 0-0 Nf6 9. Be3 Nbd7 10. f4 Be7 11. Qf3 0-0 12. Qh3 h6 13. Rf3 Nc5 14. Rf2 Ncxe4 15. Nxe4 Nxe4 16. Bxe4 Bxe4 17. f5 e5 18. Nb3 Kh7 19. Qg4 d5 20. Rc1 Rc8 21. Qd1 Rc6 22. g4 Bh4 23. Rf1 Qe7 24. Nd2 d4 25. Nxe4 dxe3 26. Qf3 Qb7 27. Qxe3 Rc4 28. Rfe1 Bxe1 29. Rxe1 Rd8 30. g5 Rdd4 31. g6+ fxg6 32. fxg6+ Kg8 33. Nf6+ gxf6 34. Qxh6 Rg4+ 35. Kf2 Rxc2+ 0-1

[Event "POL-ch U10"]
[Site "Jastrzebia Gora"]
[Date "2021.??.??"]
[Round "3"]
[White "Ziobrowski, Wojciech"]
[Black "Mroczkowski, Adam"]
[Result "1-0"]
[WhiteElo "1189"]
[BlackElo "1065"]
[PlyCount "51"]
[EventDate "2021.02.28"]
[EventType "swiss"]
[EventRounds "9"]
[EventCountry "POL"]
[SourceTitle "EXT 2022"]
[Source "ChessBase"]
[SourceDate "2021.10.06"]
[SourceVersion "1"]
[SourceVersionDate "2021.10.06"]
[SourceQuality "1"]

1. e4 e5 2. Nf3 Nc6 3. Bc4 Bc5 4. Nc3 Nf6 5. d3 h6 6. 0-0 d6 7. Na4 Bb6 8. Nxb6 axb6 9. c3 0-0 10. Be3 Bg4 11. Qd2 Kh7 12. Ne1 Be6 13. Bxe6 fxe6 14. f4 Ng4 15. f5 Nxe3 16. Qxe3 exf5 17. exf5 Qf6 18. Nc2 Rae8 19. Rae1 Qf7 20. Qe4 d5 21. Qg4 Qf6 22. d4 Kg8 23. Ne3 Qd6 24. f6 Rxf6 25. Nf5 Qd7 26. Nxh6+ 1-0